00355nam a2200133Ia 4500008004100000020001500041041001200056082001100068100001700079245006500096260003600161300000800197650001600205221030s9999 xx 000 0 und d a8131502627 aEnglish a105.23 aE. M. Cooney 0aRFID + The Complete Review of Radio Frequency Identification bThomson LearningaBostonc2007 a297 aBE Computer